000 00980nam a22002297a 4500
999 _c65479
_d65479
005 20240530110827.0
008 190806s2018 ua g b 000 0 ara d
017 _a2018/24637
_bمصر. دار الكتب
040 _aEG-CaGPL
_cEG-CaGPL
082 0 4 _221
_a937.06/
_bر ف
100 0 _aرجب سلامة عمران
245 1 2 _aالفكر العسكرى فى التاريخ القديم :
_bالتاريخ الرومانى نموذجا /
_cرجب سلامة عمران
250 _aط.1
260 _aالقاهرة :
_bدار الكتاب الحديث،
_c2018.
300 _a227 ص. ؛
_c24 سم.
504 _aيشتمل على ارجاعات ببليوجرافية
651 0 7 _2qrmak
_aالامبراطورية الرومانية
651 0 7 _2qrmak
_aالامبراطورية الرومانية
_xتاريخ
653 0 _aالامبراطورية الرومانية - الفكر العسكرى
942 _2ddc
_cBK